<The> China horizon glory and dream of a civilizational state

Salvato in:
Dettagli Bibliografici
Autore principale: Weiwei, Zhang
Natura: Libro
Lingua:inglese
Pubblicazione: Hackensack World Century Publishing Corporation 2016
Soggetti:
Tags: Aggiungi Tag
Nessun Tag, puoi essere il primo ad aggiungerne!!

MARC

LEADER 00000nam a2200000 4500
001 0224217
005 20221207093539.5
020 |a 978-1-938134-72-2 
041 0 |a eng 
044 |a US 
245 1 0 |a <The> China horizon  |b glory and dream of a civilizational state  |c Zhang Weiwei 
264 1 |a Hackensack  |b World Century Publishing Corporation  |c 2016 
300 |a 178 s. 
610 2 0 |a vývoj hospodársky 
610 2 0 |a vývoj politický 
610 2 0 |a vývoj spoločenský 
610 2 0 |a inštitucionalizmus 
610 2 0 |a populácia 
610 2 0 |a úroveň životná 
610 2 0 |a kultúra 
610 2 0 |a rast hospodársky 
610 2 0 |a modely 
610 2 0 |a porovnanie medzinárodné 
610 2 0 |a prognózy 
610 2 0 |a Čína 
100 1 |a Weiwei, Zhang